INTRODUCTION TO PSYCHOLOGY (Record no. 3046)
[ view plain ]
| 000 -LEADER | |
|---|---|
| fixed length control field | 00422nam a22001697a 4500 |
| 005 - DATE AND TIME OF LATEST TRANSACTION | |
| control field | 20250124191816.0 |
| 008 - FIXED-LENGTH DATA ELEMENTS--GENERAL INFORMATION | |
| fixed length control field | 250124b |||||||| |||| 00| 0 eng d |
| 020 ## - INTERNATIONAL STANDARD BOOK NUMBER | |
| International Standard Book Number | 9780534539887 |
| 050 ## - LIBRARY OF CONGRESS CALL NUMBER | |
| Classification number | BF121KAL |
| 100 ## - MAIN ENTRY--PERSONAL NAME | |
| Personal name | KALAT JAMES W. |
| 245 ## - TITLE STATEMENT | |
| Title | INTRODUCTION TO PSYCHOLOGY |
| 250 ## - EDITION STATEMENT | |
| Edition statement | 6TH EDITION |
| 260 ## - PUBLICATION, DISTRIBUTION, ETC. | |
| Place of publication, distribution, etc. | CANADA |
| Name of publisher, distributor, etc. | WADSWORTH |
| Date of publication, distribution, etc. | 2002 |
| 300 ## - PHYSICAL DESCRIPTION | |
| Extent | 656P.,XXIV |
| 500 ## - GENERAL NOTE | |
| General note | ILLUS., REF., INDEX |
| 942 ## - ADDED ENTRY ELEMENTS (KOHA) | |
| Source of classification or shelving scheme | Library of Congress Classification |
| Koha item type | Books |
| Suppress in OPAC | No |
| 999 ## - | |
| -- | 3046 |
| -- | 3046 |
| Withdrawn status | Lost status | Source of classification or shelving scheme | Damaged status | Not for loan | Collection | Home library | Current library | Shelving location | Date acquired | Total checkouts | Full call number | Barcode | Date last seen | Copy number | Price effective from | Koha item type |
|---|---|---|---|---|---|---|---|---|---|---|---|---|---|---|---|---|
| Library of Congress Classification | Non-fiction | Graduate Library (Christ Temple) | Graduate Library (Christ Temple) | General stacks | 01/24/2025 | BF121KAL | gsct00000346 | 01/24/2025 | 1 | 01/24/2025 | Books | |||||
| Library of Congress Classification | Non-fiction | Undergraduate Library (Christ Temple) | Undergraduate Library (Christ Temple) | General stacks | 08/25/2025 | BF 121 KAL | ulct00004476 | 08/25/2025 | 1 | 08/25/2025 | Books | |||||
| Library of Congress Classification | Non-fiction | Undergraduate Library (Christ Temple) | Undergraduate Library (Christ Temple) | General stacks | 08/25/2025 | BF 121 KAL | ulct00004477 | 08/25/2025 | 2 | 08/25/2025 | Books |